McEnroe: "Rios hral najlepší tenis!" 117. majstrovstvá USA v tenise, New York, 25. augusta-7. septembra

Bibliographic Details
Main Author: Teleky, Igor (Author)
Format: Article
Language:Slovak
PhysicalDescription:Obr. 1
Subjects:

MARC

LEADER 00000nab a2200000 a 4500
001 vtls000632823
003 SK-MaSNL
005 20260302184600.0
008 160401c1997 xo 0 slo
015 |a SNBRB19rr/mm-uuuuu 
035 |a CL0632962 
040 |a SNKBUCL  |b slo  |c SNKBUCL  |e AACR2 
041 0 |a slo 
044 |a xo  |c SK 
080 |a 796.342.093.1  |2 1981 
100 1 |a Teleky, Igor  |4 aut  |9 858550 
245 1 0 |a McEnroe: "Rios hral najlepší tenis!"  |b 117. majstrovstvá USA v tenise, New York, 25. augusta-7. septembra  |c Igor Teleky 
300 |b Obr. 1 
650 0 7 |a tenis  |2 snkbucl  |9 3293 
650 0 7 |a US Open 1997, New York  |2 snkbucl  |9 899940 
655 7 |a články z novín a časopisov  |2 snkbucl  |9 267496 
773 0 |t Šport  |g Roč. 51, č. 205 (6. 9. 1997), s. 5 
850 |a Slovenská národná knižnica v Martine  |a MTA001 
852 |a SNK  |b KIS3GCP 
958 |a SK 
958 |a US 
958 |a RK 
958 |a RBX 
999 |c 1426021  |d 1427951